Жребий праведных грешниц. Сибиряки: роман
| Main Author: | |
|---|---|
| Summary: | Сибирь, двадцатые годы самого противоречивого века российской истории. С одной стороны — сельсовет, советская власть. С другой — «обчество», строго соблюдающее устои отцов и дедов. Большая семья Анфисы под стать безумному духу времени: хозяйке важны достаток и статус, чтобы дом — полная чаша, всем на зависть, а любимый сын — представитель власти, у него другие ценности. Анфисина железная рука едва успевает наводить порядок, однако новость, что Степан сам выбрал себе невесту, да еще и «доходягу шклявую, голытьбу беспросветную», для матери как нож по сердцу. То ли еще будет... Дочки-матери, свекрови и невестки, братья и сестры... Искренние чувства, бурные отношения, горячие нравы. Какие судьбы уготовило сибирякам сумбурное столетие? Об этом — первый роман трилогии Натальи «Жребий праведных грешниц»., |
| Language: | Russian |
| Published: |
Москва, АСТ, 2015
|
| Series: | Пазлы. Истории Натальи Нестеровой Совет да любовь. Проза Натальи Нестеровой |
| Subjects: | |
| Format: | Book |
| KOHA link: | https://koha.lib.tpu.ru/cgi-bin/koha/opac-detail.pl?biblionumber=316009 |
MARC
| LEADER | 00000nam0a2200000 4500 | ||
|---|---|---|---|
| 001 | 316009 | ||
| 005 | 20260320094239.0 | ||
| 010 | |a 9785170888726 | ||
| 010 | |a 978-5-17-088873-3 | ||
| 035 | |a (RuTPU)RU\TPU\book\341446 | ||
| 090 | |a 316009 | ||
| 100 | |a 20160314d2015 m y0rusy50 ca | ||
| 101 | 0 | |a rus | |
| 102 | |a RU | ||
| 200 | 1 | |a Жребий праведных грешниц. Сибиряки |e роман |f Н. Нестерова | |
| 210 | |a Москва |c АСТ |d 2015 | ||
| 215 | |a 316 с. | ||
| 225 | 1 | |a Пазлы. Истории Натальи Нестеровой | |
| 225 | 1 | |a Совет да любовь. Проза Натальи Нестеровой | |
| 330 | |a Сибирь, двадцатые годы самого противоречивого века российской истории. С одной стороны — сельсовет, советская власть. С другой — «обчество», строго соблюдающее устои отцов и дедов. Большая семья Анфисы под стать безумному духу времени: хозяйке важны достаток и статус, чтобы дом — полная чаша, всем на зависть, а любимый сын — представитель власти, у него другие ценности. Анфисина железная рука едва успевает наводить порядок, однако новость, что Степан сам выбрал себе невесту, да еще и «доходягу шклявую, голытьбу беспросветную», для матери как нож по сердцу. То ли еще будет... Дочки-матери, свекрови и невестки, братья и сестры... Искренние чувства, бурные отношения, горячие нравы. Какие судьбы уготовило сибирякам сумбурное столетие? Об этом — первый роман трилогии Натальи «Жребий праведных грешниц»., | ||
| 606 | 1 | |a Русская литература современная |2 stltpush |3 (RuTPU)RU\TPU\subj\26373 |9 50316 | |
| 610 | 1 | |a проза | |
| 610 | 1 | |a романы | |
| 610 | 1 | |a Сибирь | |
| 610 | 1 | |a сибиряки | |
| 610 | 1 | |a любовь | |
| 610 | 1 | |a история | |
| 610 | 1 | |a 20 век | |
| 675 | |a Р2 |v 4 | ||
| 700 | 1 | |a Нестерова |b Н. |g Наталья | |
| 801 | 1 | |a RU |b 63413507 |c 20160314 | |
| 801 | 2 | |a RU |b 63413507 |c 20160420 |g RCR | |
| 942 | |c BK | ||